LEADER 01732nam a2200337 u 4500 001 000000065398 003 CaOOAMICUS 005 20070226121448.0 008 011206s2001 it c u000 u ita u 020 $a8849500459 035 $a10912928 040 $aBSR$bita 041 0 $aita$afre$ager 110 2 $aAccademia romanistica costantiniana.$bConvegno internazionale$n(13 :$d1997 :$cPerugia).$0(OLS)http://pul/name/44049 245 10$aAtti dell'Accademia romanistica costantiniana :$bXIII convegno internazionale in memoria di André Chastagnol. 260 $aNapoli :$bEdizioni scientifiche italiane,$c2001. 300 $a861 p. :$bfront. (portr.) ;$c24 cm 500 $a"Il volume è stato curato da G. Crifò e S. Giglio."--T.p. verso. 500 $aContributions in Italian, French and German. 500 $aAt head of title: Università degli studi di Perugia, Facoltà di giurisprudenza. 504 $aContains bibliographical references and index. 700 1 $aGiglio, Stefano,$d1948-$0(OLS)http://pul/name/14469 700 1 $aCrifò, Giuliano.$0(OLS)http://pul/name/22780 710 2 $aUniversità degli studi di Perugia.$bFacoltà di giurisprudenza.$0(OLS)http://pul/name/13314 850 $aPUL 852 $aPUL$W1$xSL Diritto e Scienze Sociali 1$y4$m195 B 13$j84685$nBK-PRI$b $qStampati$B84685$CPULBib$Z2$F84685 $HPUL84499/14 $81 941 1 $a8 961 $aINV: 84499/14 996 $6020$a8849500459$9(OLS)http://pul/number/84814 996 $6245$aAtti dell'Accademia romanistica costantiniana :$bXIII convegno internazionale in memoria di André Chastagnol$9(OLS)http://pul/title/87005 996 $6260$aNapoli :$bEdizioni scientifiche italiane$9(OLS)http://pul/publisher/48388 LEADER 02107nam a2200433 u 4500 001 000000020340 003 CaOOAMICUS 005 20121121123701.0 008 950221s1968 it f u000 u ita u 035 $a10495753 040 $aPUL(R)$bita 100 1 $aMoreau, Edouard de,$cS.I.,$d1879-1952.$0(OLS)http://pul/name/17684 240 10$aCrise religieuse du XVIe siécle.$lItaliano.$0(OLS)http://pul/title/28659 245 13$aLa crisi religiosa del secolo XVI. /$c[a cura di] E. de Moreau S.I., Pierre Jourda e Pierre Janelle. Edizione italiana a cura di Aldo Stella. 260 $aTorino :$bEditrice S.A.I.E.,$c1968. 300 $a666 p. ;$c24 cm 490 1 $aStoria della Chiesa ;$v16 600 14$aLuther, Martin,$d1483-1546.$0(OLS)http://pul/subject/329 600 14$aCalvin, Jean,$d1509-1564.$0(OLS)http://pul/subject/1152 650 4$aChiesa$zStoria$ySec. XVI.$0(OLS)http://pul/subject/5847 650 4$aLuteranesimo.$0(OLS)http://pul/subject/9450 650 4$aCalvinismo.$0(OLS)http://pul/subject/9889 700 1 $aStella, Aldo.$0(OLS)http://pul/name/5098 700 1 $aJanelle, Pierre.$0(OLS)http://pul/name/17686 700 1 $aJourda, Pierre,$d1898-$0(OLS)http://pul/name/17685 830 0$aStoria della Chiesa dalle origini fino ai giorni nostri (S.A.I.E.) ;$v16.$0(OLS)http://pul/title/1599 830 0$aStoria della Chiesa dalle origini fino ai giorni nostri (Fliche - Martin).$0(OLS)http://pul/title/166079 850 $aPUL 852 $aPUL$W1$xSL Cons. Gen., Altre Classi 1$y1$m1395 B 1.16$j128473$nBK-PRI$qStampati$B28572$CPULBib$Z2$F28572 $82 941 1 $a8 960 $aMartin Lutero,$d1483-1546$9329 960 $aLuter, Martin,$d1483-1546$9329 960 $aLutero, Martino,$d1483-1546$9329 960 $aCalvino, Giovanni,$d1509-1564$91152 983 0$aStoria della Chiesa (Berruti) 983 0$aStoria della Chiesa (Edizioni paoline) 983 0$aStoria della Chiesa (San Paolo) 996 $6245$aLa crisi religiosa del secolo XVI.$9(OLS)http://pul/title/28660 996 $6260$aTorino :$bEditrice S.A.I.E.$9(OLS)http://pul/publisher/48515